Programowanie strategiczne. Doswiadczenia z przeszlosci.

Vývoj strategického programovania v Poľsku od 50. rokov. Podmienky strategického rozvoja poľského hospodárstva - niektoré jeho problémy. Iniciovanie štruktúrnych premien - niektoré vstupné činnosti racionalizujúceho charakteru. Niektoré druhy priemyslu a jeho problémy.

Gespeichert in:
Bibliographische Detailangaben
1. Verfasser: Pietrzkiewicz, T.
Format: Buchkapitel
Sprache:Polnisch
Schlagworte:
Tags: Tag hinzufügen
Keine Tags, Fügen Sie das erste Tag hinzu!

MARC

LEADER 00000naa a2200000 4500
001 r011541
005 20221125122550.2
041 0 |a pol 
044 |a PL 
245 1 0 |a Programowanie strategiczne.  |b Doswiadczenia z przeszlosci.  |c T. Pietrzkiewicz 
520 |a Vývoj strategického programovania v Poľsku od 50. rokov. Podmienky strategického rozvoja poľského hospodárstva - niektoré jeho problémy. Iniciovanie štruktúrnych premien - niektoré vstupné činnosti racionalizujúceho charakteru. Niektoré druhy priemyslu a jeho problémy. 
610 2 0 |a PR 
610 2 0 |a 1951-1992 
610 2 0 |a zmeny štruktúrne 
610 2 0 |a stratégia hospodárska 
610 2 0 |a priemysel 
610 2 0 |a racionalizácia 
610 2 0 |a plánovanie strategické 
610 2 0 |a programy rozvojové 
100 1 |a Pietrzkiewicz, T.